000 00430nam a2200157Ia 4500
008 231217s9999 xx 000 0 und d
041 _aEnglish
082 _a001.6424 JAL R
100 _aJalote, Pankaj.
245 3 _aAn integrated approach to software engineering
250 _a3rd ed.
260 _c2005
_bNarosa
_aNew Delhi
300 _axiii+495
650 _aAn,integrated,approach,software,engineering
942 _cAA
999 _c176455
_d176455